00520nam a22001697a 450000500170000001000150001702000260003203500130005803700130007108200110008410000210009524500540011626000310017027000810020130000260028249000420030820150729115217.0 aENG-113199 a9789351431893c180.00 aEN-96731 bDBAD/PUB a349.54 aRosedar S. R. A. aInterpretation of statutes /cby Rosedar S. R. A. aGurgaonbLexis Nexisc2014 a14th Floor, Building no 10 Tower, DLF Cyber City, Phase-II,bGurgaone122002 aviii,103p.c22cm(pbk) aLexisNexix quick reference guide Q& A